| 000 | 01054nam a2200253 i 4500 | ||
|---|---|---|---|
| 001 | bg | ||
| 245 | 0 | 0 |
_aKierunki transformacji polskich miast u progu wstąpienia do Unii Europejskiej : _bkonferencja naukowa, Szczecin 27-28 listopada 2000 / _cPolitechnika Szczecińska. Instytut Architektury i Planowania Przestrzennego. |
| 260 |
_aSzczecin : _bWydaw. Uczelniane PS, _c2001. |
||
| 300 |
_a276 s. : _bil., mapy ; _c24 cm. |
||
| 500 | _aStreszcz. ang. przy ref. | ||
| 504 | _aBibliogr. przy ref. | ||
| 650 | 9 |
_aBudownictwo miejskie _xzabytki _xochrona i konserwacja _zPolska _yod 1989 r. |
|
| 650 | 9 |
_aOchrona środowiska _zPolska _yod 1989 r. |
|
| 650 | 9 |
_aUrbanistyka _zPolska _yod 1989 r. |
|
| 655 | _aMateriały konferencyjne | ||
| 710 | 0 |
_aPolitechnika Szczecińska _bInstytut Architektury i Planowania Przestrzennego |
|
| 020 | _a8388764853 | ||
| 040 | _cBPK | ||
| 041 | 0 |
_apol _beng |
|
| 080 | _a711.4/.8(438):504.06(438):72.025(438-21)]"1989/..."(061) | ||
| 920 | _a83-88764-85-3 | ||
| 942 | _cKS | ||
| 008 | s pl f |000 0 pol | ||
| 999 |
_c43473 _d43473 |
||
| 856 |
_uhttp://koha.tu.koszalin.pl/cgi-bin/koha/opac-detail.pl?biblionumber=43473 _yKatalog online BPK |
||